| 000 | 005550000a22002050004500 | ||
|---|---|---|---|
| 003 | LK-CoMWRAF | ||
| 005 | 20231013093553.0 | ||
| 008 | 230817t ||||| |||| 00| 0 eng d | ||
| 020 | _a9558540919 | ||
| 040 |
_aLK-CoMWRAF _dLK-CoMWRAF _eLK-CoMWRAF |
||
| 041 | _aeng | ||
| 082 |
_a294.363 _bSIR |
||
| 100 | _aSiriwardhana, Eilleen | ||
| 245 | _aStirring moments in the life of the Buddha | ||
| 260 |
_bDehivala : _aBuddhist cultural centre, _c2003 |
||
| 300 | _a34p. ; 21cm | ||
| 650 | _aBuddhism | ||
| 650 | _aBuddhism-Gauthama Buddha | ||
| 942 | _cBK | ||
| 999 |
_c1932 _d1932 |
||